Statistics for Познай щатите в Бразилия

Click here to take the quiz!

General Stats

  • This quiz has been taken 16 times
  • The average score is 12 of 26

Answers on the Map

Answers color-coded by a green-red scale on the quiz's map according to % correct below.
 

Answer Stats

Answer% Correct
Сау Паулу
83%
Риу Гранди ду Сул
67%
Акри
50%
Пернамбуку
50%
Параиба
50%
Токантинс
50%
Амапа
50%
Пара
50%
Рорайма
50%
Санта Катарина
50%
Амазонас
50%
Рондония
50%
Мату Гросу
50%
Мату Гросу ду Сул
50%
Гояс
50%
Баия
50%
Минас Жераис
50%
Еспириту Санту
50%
Рио де Жанейро
50%
Парана
50%
Мараняу
33%
Пиауи
33%
Сеара
33%
Риу Гранди ду Норти
33%
Сержипи
33%
Алагоас
17%

Score Distribution

Percentile by Number Answered

Percent of People with Each Score

Your Score History

You have not taken this quiz